| 000 | 00698nam a2200217 a 4500 | ||
|---|---|---|---|
| 001 | 58860 | ||
| 003 | BD-RjUL | ||
| 005 | 20211209080650.0 | ||
| 008 | 161220r19691965xx b 00100 eng d | ||
| 035 | _a(BD-RjUL)58984 | ||
| 040 |
_aANL _beng _dANL _cBD-RjUL |
||
| 041 | _aeng | ||
| 082 | 1 |
_a338.0952 _223 _bALJ 1969 |
|
| 100 | 1 |
_aAllen, G. C. _q(George Cyril), _d1900- _9175007 |
|
| 245 | 1 | 0 |
_aJapan's economic expansion / _cG. C. Allen. |
| 260 |
_aLondon ; _aNew York : _bOxford University Press, _c1965 [ Third impression 1969 ] |
||
| 300 |
_axi, 296 p ; _c22 cm. |
||
| 504 | _aIncludes index and Bibliography: p. 283-290. | ||
| 651 | 0 |
_aJapan _xEconomic conditions _y1945- _9173369 |
|
| 942 |
_2ddc _cBK |
||
| 999 |
_c58860 _d58860 |
||